00573nam a22001817a 4500003000200000005001700002008004100019020001800060050002000078082002100098100001700119245006400136260005600200300006100256650002900317650002600346650001900372020240422091006.0240422b xxu||||| |||| 00| 0 eng d a9781848864870 aERbWhy629 2020 aER bWhy629 2020 aDunne, Billy aWhy?cwritten by Billy Dunne ; illustrated by Rhys Jefferys aWest SussexbMaverick Arts Publishing Ltd. cc2020. aunpaged :bcolored illustrations and pictures ; c27cm.  aRainbow--Picture Books.  aColors--Picture Book. aEasy Reading.